| 000 | 01645nam0a22003131 4500 | ||
|---|---|---|---|
| 001 | v19\rc\1739339 | ||
| 005 | 20260407083249.0 | ||
| 035 | _a(NLR Aleph) 004889155 | ||
| 090 |
_a5252224 _c5252224 |
||
| 100 | _a20061204e19021902|||y0rusy50 ca | ||
| 101 | 0 | _arus | |
| 102 | _aRU | ||
| 105 | _ay j ||||| | ||
| 200 | 1 |
_aПрощание ректора Киевской духовной академии преосвященного Димитрия с Академией, другими духовно-учебными заведениями и духовенством г. Киева _fИ.А. Бродович |
|
| 210 |
_aКиев _cтип. И.И. Горбунова _d1902 |
||
| 215 |
_a[2], 56 с. _d25 |
||
| 311 | _aОтт. из журн. "Тр. Киев. духов. акад.", 1902 г., № 7 | ||
| 488 | 0 |
_12001#$aТруды Киевской духовной академии$v1902, № 7 _tТруды Киевской духовной академии |
|
| 700 | 1 |
_aБродович _bИ.А. _f1871- _gИосиф Александрович |
|
| 702 | 0 |
_4570 _8rus _7ca _aДимитрий _cКовальницкий, Михаил Георгиевич _cархиепископ Херсонский и Одесский _f1839-1913 _3RU\NLR\AUTH\7753091 _936024 |
|
| 712 | 0 | 2 |
_aКиевская духовная академия _3RU\NLR\AUTH\8810070 _9292683 |
| 790 | 1 |
_9z01702 _aКовальницкий _bМ.Г. _f1839-1913 _gМихаил Георгиевич |
|
| 801 | 0 |
_aRU _bNLR _gpsbo |
|
| 801 | 0 |
_aRU _bRuMoRGB _2psbo |
|
| 801 | 1 |
_aRU _bProSoft-M _2rusmarc |
|
| 852 |
_aNLR _j34.83.6.4 |
||
| 899 |
_aRuMoRGB _jF 54/329 |
||
| 942 | _cBOOK | ||
| 980 | _aNB | ||